000 00756nas a2200253 4500
001 BR0002570
003 BR-BrBNA
005 20231205101850.0
007 ta
008 230509b bl.|||p| |||| 00| 00por d
040 _aBR-BrBNA
_bpor
_cBiblioteca Nacional de Agricultura
041 _a(Pt)
072 _aC20
100 1 _aOliveira, M.M.
245 1 _aAs circunstancias da criacao da extensao rural no Brasil
650 _aExtensao Rural
650 _aCooperativismo
650 _aDesenvolvimento Rural
650 _aHistoria
650 _aAgribusiness
773 0 _tCadernos de Ciencia e Tecnologia (Brazil)
_xISSN 0104-1096
_g(May-Aug 1999), v. 16(2) p. 97-134
_wBR0002570
909 _a202311
_bLúcia
_c55
_dLúcia Elande
942 _2AGRIS
_n0
_cANA
999 _c164404
_d164404